000
00289nam a2200121Ia 4500
008
191201s2000 xx 000 0 und d
100
_a
HILLARY, Sir
245
0
_a
View From the Summit
260
_a
N.Delhi
_b
Corgi Books
_c
2000
300
_a
382
650
_a
General Books
942
_2
ddc
_c
BK
999
_c
3372
_d
3372